Quizzes
Events
Quiz Creation
Community
Videos
Private Events
Remove Ads
Sign In
Join for FREE
Feedback
Dark Mode
Quiz Categories
Sports
Geography
Music
Movies
Television
Just For Fun
Miscellaneous
History
Literature
Language
Science
Gaming
Entertainment
Religion
Holiday
For Kids
Quiz Lab
Recent
Popular Today
Quiz Kudos Today
Editor Picks
Curator Picks
Quizzes by...
Day
Popularity
Type
Ratings
Length
Year
Community
Subscriptions
Recent Discussions
Orange Saloon
Badges
Playlists
Quests
Create
Leaderboards
Showdown
Live 5
Trivia Bingo
Activity
Puzzle Library
Sporcle Events
Private Events
Virtual Trivia
Globe League
Become a Host
Pub Owners
SporcleCon
Opinionation
Our Games
Videos
Blog
Mobile Apps
Partnerships
Remove Ads and Go Orange
Feedback
Sports
Athletes
MLB
NBA
NHL
NFL
Soccer
Sports Teams
WWE
NCAA
Football
Premier League
Basketball
Baseball
Hockey
Golf
Tennis
Cricket
Rugby
Auto Racing
Olympics
World Cup
Sports
Athletes
MLB
NBA
NHL
NFL
Soccer
Sports Teams
WWE
NCAA
Football
Premier League
Basketball
Baseball
Hockey
Golf
Tennis
Cricket
Rugby
Auto Racing
Olympics
World Cup
Random Quiz
Search Sporcle
×
Quiz Lab
Quiz Lab
Sports
Bay
Type in answers that appear in a list
Type in answers that appear in a list
Classic
Best Score? Go Orange.
Green Bay Packer Quarterbacks Stats
Can you name the Green Bay Packer Quarterbacks?
By
jbootzin
5m
60 Questions
67 Plays
67 Plays
67 Plays
Comments
Comments
Give Quiz Kudos
Give Quiz Kudos
-
- Ratings
hide this ad
Replay
Link that replays current quiz
Next Quiz
Link to next quiz in quiz playlist
You Got
0%
They Got
Avg Score
26%
Avg Friend Score
Upgrade to see
Score Distribution
Jump to the score distribution portion of the page
Score
0/60
Timer
05:00
0
Plays Today
Years
Player
% Correct
1992-
2007
Brett Favre
100%
1956-
71
Bart Starr
95.5%
2005-
11
Aaron Rodgers
95.5%
2008-
11
Matt Flynn
86.6%
1987-
92
Don Majkowski
73.1%
1976-
77, 79-
85
Lynn Dickey
71.6%
1999-
00
Matt Hasselbeck
68.7%
1994
Mark Brunell
52.2%
1996-
98, 01-
04
Doug Pederson
50.7%
1995-
96
Jim McMahon
47.8%
1950-
56
Tobin Rote
44.8%
1974-
75
John Hadl
43.3%
1977-
83
David Whitehurst
43.3%
1984-
88
Randy Wright
40.3%
1993, 95
Ty Detmer
38.8%
1967-
70
Don Horn
37.3%
1963-
68, 71
Zeke Bratkowski
34.3%
1976
Randy Johnson
32.8%
1991
Mike Tomczak
32.8%
2003-
04, 07
Craig Nall
32.8%
1971-
73
Scott Hunter
31.3%
1972-
74
Jerry Tagge
28.4%
1988, 90-
91
Blair Kiel
28.4%
1995
TJ Rubley
28.4%
1975-
76
Carlos Brown
26.9%
1981-
84
Rich Campbell
25.4%
1989-
90
Anthony Dilweg
25.4%
1952-
53, 57-
58
Babe Parilli
22.4%
1997
Steve Bono
22.4%
1973
Jim Del Gaizo
20.9%
Years
Player
% Correct
1985
Jim Zorn
19.4%
1974
Jack Concannon
16.4%
1978
Bobby Douglass
16.4%
2006
Ingle Martin
16.4%
1961-
63
John Roach
14.9%
1986
Vince Ferragamo
14.9%
1987
Alan Risher
13.4%
1959-
60
Lamar McHan
11.9%
1970-
72
Frank Patrick
10.4%
1986
Chuck Fusina
10.4%
2004
JT O'Sullivan
10.4%
2000
Danny Wuerffel
9%
1975
Don Milan
7.5%
1965
Dennis Claridge
6%
1968-
69
Bill Stevens
6%
1978
Dennis Sproul
6%
1986
Joe Shield
6%
1970
Rick Norton
4.5%
1980
Bill Troup
4.5%
1987
Willie Gillus
4.5%
1951
Bobby Thomason
3%
1977
Brian Dowling
3%
1980
Steve Pisarkiewicz
3%
1948
Perry Moss
1.5%
1949
Stan Heath
1.5%
1950
Paul Christman
1.5%
1950
Tom O'Malley
1.5%
1954
Bob Garrett
1.5%
1955
Charlie Brackins
1.5%
1955
Paul Held
1.5%
Quiz Playlist
Details
Report
Send in Message
Add To Playlist
Classic:
Type in answers that appear in a list
Last Updated: Feb 16, 2017
Quiz Scoreboard
CHALLENGE
Sign Up to Join the Scoreboard
Show All
Scores
Hide
Comments
May contain spoilers
Recently Published
Billboard Blitz: Fleetwood Mac
by CooCooCachoo
Music
15s
Presidents Visiting Landmarks
by Hejman
History
7m
An Introduction to Baseball
by treessimontrees
Sports
5m
More to Explore
Quiz From the Vault
Featured Blog Post
Where Did the Easter Bunny Come From?
hide this ad
You Might Also Like...
Tags
Bay
green
Green Bay Packers
Player
Quarterbacks
Today's Top Quizzes in Sports
Browse Sports
hide this ad
Today's Top Quizzes in Bay
Browse Bay
Top Contributed Quizzes in Sports
1
Les meilleurs buteurs des matchs entre le PSG et l’OM
2
2022 World Cup Stars
3
FIFA Club World Cup Champions
4
Les entraîneurs de l'OM et du PSG au 21e siècle
5
Name the Premier League winners with different clubs
6
5-to-1: UK Sports Teams
7
La finale Lions - Afrique du Sud 2021
8
Criteria MLB: Left Handed Sluggers
9
AFC Teams Reveal (Wrong Answers Minefield)
10
England Test cricketers to play under Nasser Hussain
Explore More
Trending Topics
NBA
Crossword
Kpop
Disney
Harry Potter
Anime
Marvel
Country
Song
NFL
Puzzle
The Office
Soccer
Pokémon
WWE
hide this ad
More By:
jbootzin
Quiz
Plays
Rating
Category
Featured
Created
top all time rusher per team
165
1.00
Sports
Jul 18, 2010
top 50 rushers
134
Sports
Jul 11, 2010
Big 4 Consecutive MVP Awards
97
3.50
Sports
Mar 2, 2012
Green Bay Packer Quarterbacks
67
Sports
Mar 2, 2012
Go to Creator's Profile
Score Distribution
Quiz Creator Spotlight
jbootzin
Follow
Send a Message
Quizzes Created
-
Created Quiz Play Count
-
More By This Creator
Popular Quizzes Today
1
Find the US States - No Outlines Minefield
2
Find the Countries of Europe - No Outlines Minefield
3
The Countries of the World
4
Find the US States
5
Popular People in 1961
6
US States
7
Risky Map Clicking: Biggest States A-Z
8
Movies - When Are They Set?
More Sports Quizzes
Athletics Retired Numbers (Picture Click)
Curator's Pick
Trending Quizzes
Risky Map Clicking: Least Populous States A-Z
1-10 Letter G Words
1-10 Letter F Words
Risky Map Clicking: Next State Alphabetically
'A' Boys' Names Grid
Recently Updated
Leaping Animals
pecheneg
Reality TV Shows (A-Z)
bhenderson79
Rickey Henderson's Hall of Fame Teammates
pecheneg
Champions League XIs: Arsenal
pecheneg
Quick Pick: Celebrities in WWE's Hall of Fame
aduchscher
A-Z Keypad Blitz II
pecheneg
Multiple Oscar Actors
pecheneg
Mystery Phrase Blitz: Oscar 'Best Actors'
pecheneg
F. Scott Fitzgerald Novels
LTH
Pick 3 Villains
ddd62291
Trending Topics
NBA
Anime
Crossword
Harry Potter
Marvel
Kpop
Disney
Pokémon
Puzzle
NFL
Soccer
Song
WWE
The Office
Country
Your Account Isn't Verified!
In order to create a playlist on Sporcle, you need to verify the email address you used during registration. Go to your
Sporcle Settings
to finish the process.
Report this User
Report this user for behavior that violates our
Community Guidelines
.
Details:
Send Report
Go to the Sporcle.com Mobile Site →
Comments